[Event "Wch U20 52nd"]
[Site "Kocaeli"]
[Date "2013.09.25"]
[Round "12"]
[White "Zhahbai, Uulu Zhohar"]
[Black "Chu, Wei Chao"]
[Result "0-1"]
[WhiteElo "1843"]
[BlackElo "2270"]
[PlyCount "67"]
[EventDate "2013.09.13"]
[EventType "swiss"]
[EventRounds "13"]
[EventCountry "TUR"]
[SourceTitle "CBM 156 Extra"]
[Source "ChessBase"]
[SourceDate "2013.10.22"]
[SourceVersion "1"]
[SourceVersionDate "2013.10.22"]
[SourceQuality "1"]

1. e4 c5 2. f4 d5 3. exd5 Qxd5 4. Nc3 Qd6 5. d3 Nf6 6. Nf3 Nc6 7. Be2 e6 8. 0-0 Be7 9. Ne4 Qc7 10. g3 0-0 11. c3 b6 12. Qc2 Bb7 13. Nxf6+ Bxf6 14. Nd2 Be7 15. Bf3 Rad8 16. Ne4 f5 17. Nf2 Nd4 18. cxd4 Bxf3 19. h3 Bb7 20. Kh2 Qc6 21. Rg1 Rxd4 22. b3 Bd6 23. Be3 Rd5 24. Rae1 e5 25. Qc3 Kh8 26. h4 h6 27. Nh3 Rd8 28. Rd1 Bb8 29. Nf2 Qf6 30. Kh3 Qc6 31. Kh2 R8d7 32. Qc1 Kh7 33. Rde1 Ba6 34. Rgf1 0-1

[Event "Wch U20 52nd"]
[Site "Kocaeli"]
[Date "2013.09.15"]
[Round "3"]
[White "Farid, Firman Syah"]
[Black "Zhahbai, Uulu Zhohar"]
[Result "1-0"]
[WhiteElo "2433"]
[BlackElo "1843"]
[PlyCount "81"]
[EventDate "2013.09.13"]
[EventType "swiss"]
[EventRounds "13"]
[EventCountry "TUR"]
[SourceTitle "CBM 156 Extra"]
[Source "ChessBase"]
[SourceDate "2013.10.22"]
[SourceVersion "1"]
[SourceVersionDate "2013.10.22"]
[SourceQuality "1"]

1. d4 d5 2. Nf3 Nf6 3. c4 c6 4. e3 Nbd7 5. Nc3 e6 6. Qc2 Be7 7. Bd3 a6 8. b3 b6 9. 0-0 Bb7 10. Bb2 Qc7 11. Rac1 h6 12. cxd5 exd5 13. Ne2 Bd6 14. h3 0-0 15. Nh4 Rfe8 16. Nf5 Bf8 17. Nf4 Rac8 18. Qd1 g6 19. Ng3 Bd6 20. Qf3 Bxf4 21. exf4 Qd6 22. Rce1 c5 23. Bb1 Bc6 24. h4 Bb5 25. Rxe8+ Rxe8 26. Rc1 c4 27. h5 Nf8 28. bxc4 dxc4 29. d5 Nxd5 30. Rd1 Bc6 31. Ne4 Qe6 32. f5 Qe7 33. Rxd5 Bxd5 34. Qc3 Qe5 35. Nf6+ Kh8 36. Qxe5 Rxe5 37. Nxd5 f6 38. Bxe5 fxe5 39. hxg6 b5 40. f6 Ne6 41. Bf5 1-0

[Event "Wch U20 52nd"]
[Site "Kocaeli"]
[Date "2013.09.13"]
[Round "1"]
[White "Franklin, Samuel Gideon"]
[Black "Zhahbai, Uulu Zhohar"]
[Result "1-0"]
[WhiteElo "2353"]
[BlackElo "1843"]
[PlyCount "83"]
[EventDate "2013.09.13"]
[EventType "swiss"]
[EventRounds "13"]
[EventCountry "TUR"]
[SourceTitle "CBM 156 Extra"]
[Source "ChessBase"]
[SourceDate "2013.10.22"]
[SourceVersion "1"]
[SourceVersionDate "2013.10.22"]
[SourceQuality "1"]

1. e4 c5 2. Nf3 b6 3. d4 cxd4 4. Nxd4 Bb7 5. Nc3 a6 6. Be3 d6 7. Qd2 Nf6 8. f3 e6 9. 0-0-0 Qc7 10. g4 Be7 11. g5 Nfd7 12. h4 Nc6 13. Nxc6 Bxc6 14. Kb1 b5 15. Bd3 Bb7 16. h5 Ne5 17. f4 Nc4 18. Bxc4 Qxc4 19. b3 Qc7 20. Qd4 Rc8 21. Qxg7 Rf8 22. Bd4 b4 23. g6 bxc3 24. gxh7 Kd7 25. Rh3 Bxe4 26. Rxc3 Bc6 27. Re1 Rce8 28. h8Q Rxh8 29. Qxf7 Rh6 30. Bg7 Qa5 31. Rce3 Be4 32. Bxh6 Kd8 33. Bg7 Bg5 34. Bf6+ Bxf6 35. Qxf6+ Kd7 36. Qg7+ Re7 37. Qd4 Re8 38. Kb2 Qb5 39. h6 Qc6 40. Rc3 Qa8 41. h7 Rh8 42. Qg7+ 1-0

[Event "Osh zt 3.4"]
[Site "Osh"]
[Date "2013.06.11"]
[Round "5"]
[White "Zhahbai, Uulu Zhohar"]
[Black "Haitbaev, Hayrulla"]
[Result "1-0"]
[WhiteElo "2009"]
[BlackElo "2109"]
[PlyCount "111"]
[EventDate "2013.06.07"]
[EventType "swiss"]
[EventRounds "9"]
[EventCountry "KGZ"]
[SourceTitle "CBM 154 Extra"]
[Source "ChessBase"]
[SourceDate "2013.06.25"]
[SourceVersion "2"]
[SourceVersionDate "2013.06.25"]
[SourceQuality "1"]

1. d4 Nf6 2. Nf3 g6 3. g3 b5 4. Bg2 Bb7 5. b3 Bg7 6. Bb2 0-0 7. 0-0 d5 8. Nbd2 Nbd7 9. b4 Nb6 10. Qc1 a5 11. a3 a4 12. Ne5 Ne4 13. Nd3 Nd6 14. Nc5 Bc6 15. Rd1 Bh6 16. Qb1 Rb8 17. Nf3 Ne4 18. Ne5 Ba8 19. Nxe4 dxe4 20. c4 e3 21. f4 Bxg2 22. Kxg2 Nxc4 23. Nxc4 Qd5+ 24. Kg1 bxc4 25. Qc1 g5 26. Qxe3 gxf4 27. gxf4 Rb6 28. Kf2 Rg6 29. Rg1 Qf5 30. Qf3 Rd8 31. h4 Qxf4 32. Qxf4 Bxf4 33. e3 Be5 34. Rac1 Bf6 35. h5 Rxg1 36. Kxg1 Rd5 37. Rxc4 Rg5+ 38. Kf1 Rxh5 39. Rxc7 Rh1+ 40. Kg2 Rb1 41. Rc2 e6 42. Kf3 Kf8 43. b5 Bd8 44. Ke4 Bb6 45. Kd3 h5 46. Kc3 Bc7 47. e4 h4 48. e5 Ba5+ 49. Kc4 Ke8 50. Kc5 Kd7 51. b6 Kc8 52. Kb5+ Bc3 53. Rxc3+ Kb7 54. Rc7+ Kb8 55. Ka6 Rxb2 56. Rxf7 1-0

[Event "Osh zt 3.4"]
[Site "Osh"]
[Date "2013.06.08"]
[Round "2"]
[White "Atabayev, Yusup"]
[Black "Zhahbai, Uulu Zhohar"]
[Result "1-0"]
[WhiteElo "2443"]
[BlackElo "2009"]
[PlyCount "63"]
[EventDate "2013.06.07"]
[EventType "swiss"]
[EventRounds "9"]
[EventCountry "KGZ"]
[SourceTitle "CBM 154 Extra"]
[Source "ChessBase"]
[SourceDate "2013.06.25"]
[SourceVersion "2"]
[SourceVersionDate "2013.06.25"]
[SourceQuality "1"]

1. e4 c5 2. Nf3 e6 3. d4 cxd4 4. Nxd4 a6 5. Nc3 Qc7 6. Be2 Nf6 7. 0-0 Bb4 8. Bf3 Bxc3 9. bxc3 d6 10. Ba3 Nbd7 11. Nb3 Ke7 12. Qd2 e5 13. Qg5 h6 14. Qxg7 Rh7 15. Qg3 Nc5 16. Rfd1 b6 17. Bxc5 bxc5 18. Nd2 Be6 19. Nf1 Rg8 20. Qh4 Bg4 21. Ng3 Bxf3 22. gxf3 Rg5 23. Rab1 Nh5 24. Kh1 Nf4 25. Nf5+ Kd7 26. Ne3 Qd8 27. Nf5 Kc7 28. Rxd6 Qxd6 29. Nxd6 Kxd6 30. Rd1+ Ke6 31. Rg1 Rxg1+ 32. Kxg1 1-0

[Event "KGZ-ch"]
[Site "Bishkek"]
[Date "2013.05.13"]
[Round "5"]
[White "Isakjanov, Aibek"]
[Black "Zhahbai, Uulu Zhohar"]
[Result "1-0"]
[WhiteElo "1705"]
[BlackElo "2030"]
[PlyCount "106"]
[EventDate "2013.05.09"]
[EventType "swiss"]
[EventRounds "11"]
[EventCountry "KGZ"]
[SourceTitle "CBM 154 Extra"]
[Source "ChessBase"]
[SourceDate "2013.06.25"]
[SourceVersion "2"]
[SourceVersionDate "2013.06.25"]
[SourceQuality "1"]

1. e4 c5 2. Nf3 e6 3. d3 d6 4. g3 b6 5. Bg2 Bb7 6. 0-0 Nd7 7. Nbd2 Qc7 8. Re1 Be7 9. Nf1 b5 10. h4 Ngf6 11. c3 a5 12. Bd2 Rd8 13. N3h2 d5 14. Qe2 d4 15. cxd4 cxd4 16. Rac1 Qb6 17. Nf3 e5 18. Bh3 h5 19. Bg5 Bd6 20. N3d2 Rb8 21. f4 Ng8 22. Bxd7+ Kxd7 23. fxe5 Bxe5 24. Qf3 f6 25. Bf4 Ne7 26. Nb3 Rbc8 27. Rxc8 Rxc8 28. Qxh5 a4 29. Nbd2 Qe6 30. a3 Kd6 31. Qe2 Ng6 32. Bxe5+ fxe5 33. Nf3 Ba6 34. Ng5 Qe7 35. Nd2 Nh8 36. Rf1 Rf8 37. Rxf8 Qxf8 38. Ndf3 Qc8 39. Qd2 Qc5 40. Ne1 Bc8 41. Nc2 Be6 42. Nxe6 Kxe6 43. Nb4 Ng6 44. h5 Ne7 45. h6 gxh6 46. Qxh6+ Kd7 47. g4 Ke8 48. Kg2 Kf7 49. g5 Qc7 50. g6+ Kf6 51. Qh7 Qd6 52. Qf7+ Kg5 53. g7 Qd8 1-0

[Event "Asia U20 op"]
[Site "Sharjah"]
[Date "2013.04.06"]
[Round "7"]
[White "Salem, AR Saleh"]
[Black "Zhahbai, Uulu Zhohar"]
[Result "1-0"]
[WhiteElo "2518"]
[BlackElo "1742"]
[PlyCount "42"]
[EventDate "2013.03.30"]
[EventType "swiss"]
[EventRounds "9"]
[EventCountry "UAE"]
[SourceTitle "CBM 153 Extra"]
[Source "ChessBase"]
[SourceDate "2013.04.22"]
[SourceVersion "1"]
[SourceVersionDate "2013.04.22"]
[SourceQuality "1"]

1. d4 Nf6 2. c4 e6 3. Nf3 b6 4. g3 Bb7 5. Bg2 c5 6. d5 d6 7. Nc3 e5 8. Bg5 Be7 9. Qa4+ Qd7 10. Qc2 0-0 11. Bxf6 Bxf6 12. h4 Be7 13. Ng5 g6 14. f4 Qd8 15. Nce4 h6 16. Ne6 fxe6 17. Nxc5 Rf6 18. Nxb7 Qc7 19. fxe5 Rf5 20. g4 Qxb7 21. gxf5 exf5 1-0

[Event "Asia U20 op"]
[Site "Sharjah"]
[Date "2013.04.06"]
[Round "8"]
[White "Zhahbai, Uulu Zhohar"]
[Black "Chahrour, Ibrahim"]
[Result "1-0"]
[WhiteElo "1742"]
[BlackElo "1974"]
[PlyCount "149"]
[EventDate "2013.03.30"]
[EventType "swiss"]
[EventRounds "9"]
[EventCountry "UAE"]
[SourceTitle "CBM 153 Extra"]
[Source "ChessBase"]
[SourceDate "2013.04.22"]
[SourceVersion "1"]
[SourceVersionDate "2013.04.22"]
[SourceQuality "1"]

1. e4 c5 2. f4 Nc6 3. Nf3 g6 4. g3 Bg7 5. Bg2 e6 6. c3 Nge7 7. 0-0 0-0 8. d3 d6 9. Na3 Rb8 10. Nc2 b5 11. a3 a5 12. Bd2 a4 13. Qe2 Ba6 14. h3 Na5 15. Rad1 Nec6 16. Kh2 Nb3 17. Be1 Qc7 18. Rf2 Rfe8 19. Qe3 Bh6 20. Kh1 Bb7 21. Qe2 Ba6 22. Nd2 Nba5 23. Nf1 Bg7 24. h4 Ne7 25. h5 Nac6 26. Nfe3 d5 27. e5 Rbd8 28. d4 Nb8 29. Qf3 Nd7 30. Bf1 Rf8 31. Bh3 Bb7 32. Kg1 Nb6 33. Ng4 Nc4 34. Nce3 Nxe3 35. Nxe3 Bc8 36. Ng4 Nf5 37. Nf6+ Bxf6 38. exf6 Nd6 39. Rg2 Ne4 40. g4 Nxf6 41. Bh4 Ne4 42. Bxd8 Qxd8 43. Rf1 cxd4 44. cxd4 Qb6 45. Qe3 Nd6 46. Kh1 Qd8 47. Rh2 Nc4 48. Qf2 Qf6 49. f5 exf5 50. Rg2 g5 51. gxf5 h6 52. Re1 Nd6 53. Re5 Nc4 54. Re2 Nd6 55. Re5 Nc4 56. Re1 Nd6 57. Qd2 Ne4 58. Qd3 Re8 59. Ree2 Ba6 60. Rc2 b4 61. Qd1 b3 62. Rc1 Bc8 63. Bg4 Bxf5 64. Bxf5 Qxf5 65. Qg1 Qe6 66. Qh2 f5 67. Qc7 f4 68. Qxf4 Qh3+ 69. Qh2 Qe3 70. Rf1 Qxd4 71. Qc7 Qg7 72. Qc6 Rd8 73. Qe6+ Kh8 74. Rf7 Nc5 75. Qe7 1-0

[Event "Asia U20 op"]
[Site "Sharjah"]
[Date "2013.04.06"]
[Round "6"]
[White "Zhahbai, Uulu Zhohar"]
[Black "El Jawish, Ali"]
[Result "1-0"]
[WhiteElo "1742"]
[BlackElo "2190"]
[PlyCount "78"]
[EventDate "2013.03.30"]
[EventType "swiss"]
[EventRounds "9"]
[EventCountry "UAE"]
[SourceTitle "CBM 153 Extra"]
[Source "ChessBase"]
[SourceDate "2013.04.22"]
[SourceVersion "1"]
[SourceVersionDate "2013.04.22"]
[SourceQuality "1"]

1. c4 g6 2. g3 Bg7 3. Bg2 Nc6 4. e3 e5 5. Ne2 d6 6. Nbc3 f5 7. a3 a5 8. b3 Nf6 9. 0-0 0-0 10. d4 e4 11. f3 exf3 12. Bxf3 Re8 13. Qd3 Be6 14. Nf4 Bf7 15. Bb2 Ne7 16. d5 Nd7 17. Bg2 Nc5 18. Qc2 g5 19. Nd3 Nxd3 20. Qxd3 Bg6 21. Qd2 f4 22. e4 Rf8 23. Ne2 Bxb2 24. Qxb2 fxg3 25. hxg3 c5 26. Nc3 Qd7 27. Qe2 Rae8 28. Rxf8+ Rxf8 29. Kh2 h5 30. Nb5 Kh7 31. Rf1 Rxf1 32. Qxf1 Kg7 33. Qa1+ Kf7 34. e5 dxe5 35. Qxe5 Nf5 36. d6 Kg8 37. Qf6 Kh7 38. Qxg5 Nxd6 39. Qd5 h4 1-0

[Event "Asia U20 op"]
[Site "Sharjah"]
[Date "2013.04.01"]
[Round "3"]
[White "Anurag, Mhamal"]
[Black "Zhahbai, Uulu Zhohar"]
[Result "1/2-1/2"]
[WhiteElo "2401"]
[BlackElo "1742"]
[PlyCount "93"]
[EventDate "2013.03.30"]
[EventType "swiss"]
[EventRounds "9"]
[EventCountry "UAE"]
[SourceTitle "CBM 153 Extra"]
[Source "ChessBase"]
[SourceDate "2013.04.22"]
[SourceVersion "1"]
[SourceVersionDate "2013.04.22"]
[SourceQuality "1"]

1. c4 Nf6 2. g3 e6 3. Bg2 c6 4. Nf3 d5 5. Qc2 Nbd7 6. d4 Bd6 7. 0-0 0-0 8. Nbd2 Re8 9. e4 dxe4 10. Ng5 Bf8 11. Ndxe4 Nxe4 12. Nxe4 Be7 13. Bf4 Nf6 14. Rad1 g6 15. Rfe1 Nxe4 16. Bxe4 Bf8 17. h4 Bg7 18. Qd2 Bd7 19. Be5 f6 20. Bd6 Bf8 21. Bxf8 Rxf8 22. Re3 Kg7 23. Qb4 Qb6 24. Qd6 Qd8 25. Bg2 Bc8 26. Qa3 Re8 27. Bf3 Bd7 28. Kg2 a6 29. Qb4 Qc7 30. Rde1 Rad8 31. Bg4 Kf7 32. Qc3 Bc8 33. Rf3 Qd6 34. Rf4 h5 35. Bd1 Qe7 36. Bc2 c5 37. dxc5 e5 38. Rf3 Qxc5 39. Be4 Be6 40. Bxb7 Qxc4 41. Qe3 Rd7 42. Rc1 Qd4 43. Bc6 Qxe3 44. Rxe3 Rc8 45. Bxd7 Bd5+ 46. f3 Rxc1 47. Ba4 1/2-1/2

[Event "Asia U20 op"]
[Site "Sharjah"]
[Date "2013.04.01"]
[Round "4"]
[White "Zhahbai, Uulu Zhohar"]
[Black "Grover, Sahaj"]
[Result "0-1"]
[WhiteElo "1742"]
[BlackElo "2467"]
[PlyCount "78"]
[EventDate "2013.03.30"]
[EventType "swiss"]
[EventRounds "9"]
[EventCountry "UAE"]
[SourceTitle "CBM 153 Extra"]
[Source "ChessBase"]
[SourceDate "2013.04.22"]
[SourceVersion "1"]
[SourceVersionDate "2013.04.22"]
[SourceQuality "1"]

1. e4 e6 2. f4 d5 3. e5 c5 4. Nf3 Nc6 5. c3 Qb6 6. d3 Nh6 7. g3 Be7 8. Bg2 Nf5 9. 0-0 h5 10. Bh3 Bd7 11. Rf2 0-0-0 12. Bxf5 exf5 13. h4 d4 14. Qb3 Qxb3 15. axb3 dxc3 16. bxc3 Be6 17. Rd2 Rd7 18. Ne1 f6 19. exf6 Bxf6 20. Rb2 b6 21. Kf2 Re8 22. Ra3 b5 23. Rc2 Kb7 24. Re2 Rde7 25. Be3 b4 26. Raa2 Bxb3 27. Rab2 c4 28. Bc5 Rxe2+ 29. Rxe2 Rxe2+ 30. Kxe2 bxc3 31. Na3 Nd4+ 32. Bxd4 Bxd4 33. dxc4 Bc5 34. Nec2 Bxa3 35. Nxa3 a6 36. Kd3 c2 37. Kd2 Kc6 38. Kc1 Kc5 39. Kb2 Kb4 0-1

[Event "Wch U16"]
[Site "Maribor"]
[Date "2012.11.18"]
[Round "11.38"]
[White "Zhahbai, Uulu Zhohar"]
[Black "Radovanovic, Nikola"]
[Result "0-1"]
[WhiteElo "2029"]
[BlackElo "2170"]
[PlyCount "60"]
[EventDate "2012.11.08"]
[EventType "swiss"]
[EventRounds "11"]
[EventCountry "SLO"]
[SourceTitle "EXT 2013"]
[Source "ChessBase"]
[SourceDate "2012.11.22"]
[SourceVersion "1"]
[SourceVersionDate "2012.11.22"]
[SourceQuality "1"]

1. e4 c5 2. f4 Nc6 3. g3 d6 4. Bg2 g6 5. c3 Bg7 6. d3 e6 7. Ne2 Nge7 8. Be3 b6 9. Nd2 d5 10. Nf3 Ba6 11. 0-0 dxe4 12. Ne5 Bxe5 13. fxe5 Qxd3 14. Qxd3 exd3 15. Nc1 d2 16. Nb3 Bxf1 17. Rxf1 Rc8 18. Bg5 h6 19. Bf6 0-0 20. Nxd2 Nd5 21. Bxd5 exd5 22. Rf4 Nb8 23. c4 d4 24. Ne4 Nd7 25. Be7 Rfe8 26. Bd6 Re6 27. Nf6+ Nxf6 28. Rxf6 Rxf6 29. exf6 Rc6 30. Be7 d3 0-1

[Event "Wch U16"]
[Site "Maribor"]
[Date "2012.11.17"]
[Round "10.32"]
[White "Batchelor, Peter"]
[Black "Zhahbai, Uulu Zhohar"]
[Result "1-0"]
[WhiteElo "2138"]
[BlackElo "2029"]
[PlyCount "83"]
[EventDate "2012.11.08"]
[EventType "swiss"]
[EventRounds "11"]
[EventCountry "SLO"]
[SourceTitle "EXT 2013"]
[Source "ChessBase"]
[SourceDate "2012.11.22"]
[SourceVersion "1"]
[SourceVersionDate "2012.11.22"]
[SourceQuality "1"]

1. d4 Nf6 2. c4 e6 3. Nf3 c5 4. d5 exd5 5. cxd5 d6 6. Nc3 g6 7. e4 Bg7 8. h3 0-0 9. Bd3 Re8 10. 0-0 b6 11. Bf4 Ba6 12. Re1 Qd7 13. a4 Bxd3 14. Qxd3 a6 15. Bh2 Ra7 16. e5 dxe5 17. Nxe5 Qc8 18. Nc4 Qd8 19. Re3 Rxe3 20. fxe3 Nc6 21. d6 Rd7 22. Rf1 Nb4 23. Qe2 Ne8 24. e4 Nc6 25. e5 Qb8 26. Qg4 Qd8 27. Kh1 Nd4 28. a5 b5 29. Nb6 Ra7 30. Qe4 Ne6 31. Qc6 Bf8 32. Ncd5 f6 33. Nxf6+ Nxf6 34. Rxf6 Nd4 35. Qxc5 Nf5 36. Qd5+ Kg7 37. d7 Be7 38. Qf7+ Kh8 39. Qe8+ Kg7 40. Rf7+ Kh6 41. Rxe7 Rc7 42. Bf4+ 1-0

[Event "Wch U16"]
[Site "Maribor"]
[Date "2012.11.14"]
[Round "7.29"]
[White "Beukema, Stefan"]
[Black "Zhahbai, Uulu Zhohar"]
[Result "1-0"]
[WhiteElo "2274"]
[BlackElo "2029"]
[PlyCount "69"]
[EventDate "2012.11.08"]
[EventType "swiss"]
[EventRounds "11"]
[EventCountry "SLO"]
[SourceTitle "EXT 2013"]
[Source "ChessBase"]
[SourceDate "2012.11.22"]
[SourceVersion "1"]
[SourceVersionDate "2012.11.22"]
[SourceQuality "1"]

1. e4 c5 2. Nf3 d6 3. c3 Nf6 4. h3 Qc7 5. Bd3 a6 6. 0-0 b6 7. Bc2 Bb7 8. Re1 Nbd7 9. d4 e6 10. e5 Nd5 11. Be4 b5 12. dxc5 Qxc5 13. exd6 Qxd6 14. Nbd2 Qc7 15. a4 bxa4 16. Qxa4 Bc5 17. c4 Bc6 18. Qxc6 Qxc6 19. cxd5 Qb6 20. dxe6 Bxf2+ 21. Kh1 Qxe6 22. Bd5 Qxe1+ 23. Nxe1 Ra7 24. Nd3 Bd4 25. Nb3 Bb6 26. Nb4 Nc5 27. Bc6+ Ke7 28. Bg5+ f6 29. Re1+ Kf7 30. Be3 Re7 31. Nd5 Re5 32. Nxb6 Nxb3 33. Bd5+ Kg6 34. Bxb3 Rb8 35. Nd7 1-0

[Event "Wch U16"]
[Site "Maribor"]
[Date "2012.11.09"]
[Round "2.52"]
[White "Zhahbai, Uulu Zhohar"]
[Black "Mikolic, Martin"]
[Result "1-0"]
[WhiteElo "2029"]
[BlackElo "1771"]
[PlyCount "55"]
[EventDate "2012.11.08"]
[EventType "swiss"]
[EventRounds "11"]
[EventCountry "SLO"]
[SourceTitle "EXT 2013"]
[Source "ChessBase"]
[SourceDate "2012.11.22"]
[SourceVersion "1"]
[SourceVersionDate "2012.11.22"]
[SourceQuality "1"]

1. e4 d5 2. exd5 Nf6 3. d4 Bg4 4. f3 Bf5 5. Bb5+ Nbd7 6. c4 e6 7. dxe6 Bxe6 8. d5 Bf5 9. Be3 a6 10. Ba4 Bb4+ 11. Bd2 Bc5 12. Qe2+ Kf8 13. Nc3 Bd4 14. Be3 Bxc3+ 15. bxc3 b5 16. Bb3 Qe7 17. Kf2 Re8 18. Rd1 Nc5 19. Rd4 Nce4+ 20. fxe4 Nxe4+ 21. Rxe4 Bxe4 22. Nf3 bxc4 23. Bxc4 Bxf3 24. gxf3 Qh4+ 25. Kg2 Rxe3 26. Qxe3 Qxc4 27. Re1 g6 28. Qh6+ 1-0

[Event "Central Asia Cup 2nd"]
[Site "Bishkek"]
[Date "2012.06.18"]
[Round "7"]
[White "Nakhbayeva, Guliskhan"]
[Black "Zhahbai, Uulu Zhohar"]
[Result "1-0"]
[WhiteElo "2309"]
[BlackElo "1986"]
[PlyCount "49"]
[EventDate "2012.06.12"]
[EventType "swiss"]
[EventRounds "9"]
[EventCountry "KGZ"]
[SourceTitle "EXT 2013"]
[Source "ChessBase"]
[SourceDate "2012.11.22"]
[SourceVersion "1"]
[SourceVersionDate "2012.11.22"]
[SourceQuality "1"]

1. d4 Nf6 2. c4 c5 3. d5 d6 4. Nc3 g6 5. e4 e5 6. Bd3 Bg7 7. Nge2 a6 8. h3 0-0 9. Bg5 Qe8 10. 0-0 h6 11. Be3 Kh7 12. a3 b6 13. Rb1 Ng8 14. b4 f5 15. exf5 gxf5 16. Bc2 Ne7 17. Ng3 Ng6 18. Na4 Qd8 19. bxc5 bxc5 20. Nb6 Ra7 21. Nxc8 Qxc8 22. Nxf5 Rxf5 23. Rxb8 Qxb8 24. Bxf5 Qe8 25. Qg4 1-0

[Event "Central Asia Cup 2nd"]
[Site "Bishkek"]
[Date "2012.06.17"]
[Round "6"]
[White "Zhahbai, Uulu Zhohar"]
[Black "Nasriddinzoda, Marvorii"]
[Result "1/2-1/2"]
[WhiteElo "1986"]
[BlackElo "2033"]
[PlyCount "210"]
[EventDate "2012.06.12"]
[EventType "swiss"]
[EventRounds "9"]
[EventCountry "KGZ"]
[SourceTitle "EXT 2013"]
[Source "ChessBase"]
[SourceDate "2012.11.22"]
[SourceVersion "1"]
[SourceVersionDate "2012.11.22"]
[SourceQuality "1"]

1. f4 e5 2. d3 Nc6 3. Nf3 d6 4. Nc3 Bg4 5. g3 Nf6 6. Bg2 Be7 7. h3 Bd7 8. 0-0 0-0 9. e4 Qc8 10. f5 Nd4 11. g4 h6 12. Ne2 Nxf3+ 13. Bxf3 c6 14. Qe1 Nh7 15. Kg2 Qd8 16. Be3 Rc8 17. c4 a5 18. Rc1 Ng5 19. Rh1 Nxf3 20. Kxf3 d5 21. h4 dxc4 22. dxc4 b5 23. c5 Kh7 24. Qg3 Qc7 25. g5 Be8 26. Rhg1 h5 27. Kf2 g6 28. f6 Bd8 29. Rcd1 Qb8 30. Qf3 Rh8 31. Ng3 Kg8 32. Rd3 Bc7 33. Rgd1 Rd8 34. Rxd8 Bxd8 35. Kg2 Qc8 36. Rd2 Bd7 37. Nh1 Bg4 38. Qg3 Bc7 39. Nf2 Be6 40. b3 Kh7 41. Qf3 b4 42. Qd1 Rf8 43. Kh2 Kg8 44. Nh1 Qa6 45. Ng3 Bg4 46. Qf1 Qxf1 47. Nxf1 Rd8 48. Kg2 Kf8 49. Kf2 Ke8 50. Rxd8+ Kxd8 51. Ke1 Kc8 52. Kd2 Kb7 53. Nh2 Be6 54. Nf3 Ka6 55. Ne1 Kb5 56. Bf2 Bh3 57. Bg1 Bb8 58. Ke2 a4 59. Nd3 Bg2 60. Ke3 Bf1 61. bxa4+ Kxa4 62. Bh2 Ka3 63. Bxe5 Bxe5 64. Nxe5 Kxa2 65. Nxf7 b3 66. Ne5 b2 67. f7 b1Q 68. f8Q Qe1+ 69. Kf3 Qe2+ 70. Kg3 Qg2+ 71. Kf4 Qh2+ 72. Ke3 Qe2+ 73. Kf4 Bg2 74. Qa8+ Kb1 75. Qxc6 Qf2+ 76. Nf3 Qxf3+ 77. Ke5 Qg3+ 78. Kf6 Qf4+ 79. Kg7 Bxe4 80. Qb5+ Kc1 81. Qc4+ Kd2 82. Qd4+ Ke2 83. Qc4+ Kf2 84. c6 Qe5+ 85. Kh7 Qc7+ 86. Kh6 Qxc6 87. Qd4+ Kg3 88. Qe5+ Kh3 89. Qf4 Bf5 90. Qe3+ Kxh4 91. Qf4+ Kh3 92. Qe3+ Kg4 93. Qg1+ Kf4 94. Qh2+ Ke3 95. Qg1+ Kd3 96. Qd1+ Kc4 97. Qc1+ Kd5 98. Qd2+ Ke6 99. Qe3+ Kf7 100. Qa7+ Qd7 101. Qa2+ Kf8 102. Qa8+ Ke7 103. Qf8+ Ke6 104. Qf6+ Kd5 105. Qd4+ Kc6 1/2-1/2

[Event "KGZ-ch"]
[Site "Bishkek"]
[Date "2012.04.08"]
[Round "8"]
[White "Takyrbashev, Bolot"]
[Black "Zhahbai, Uulu Zhohar"]
[Result "1-0"]
[WhiteElo "2142"]
[BlackElo "1986"]
[PlyCount "51"]
[EventDate "2012.04.01"]
[EventType "swiss"]
[EventRounds "11"]
[EventCountry "KGZ"]
[SourceTitle "EXT 2013"]
[Source "ChessBase"]
[SourceDate "2012.11.22"]
[SourceVersion "1"]
[SourceVersionDate "2012.11.22"]
[SourceQuality "1"]

1. d4 Nf6 2. c4 e6 3. Nf3 c5 4. d5 d6 5. Nc3 exd5 6. cxd5 Bf5 7. e4 Qe7 8. Bb5+ Nbd7 9. 0-0 Bg4 10. Re1 Bxf3 11. Qxf3 a6 12. Bf4 0-0-0 13. Bf1 Ne8 14. b4 g5 15. Bd2 Bg7 16. b5 a5 17. b6 Nxb6 18. Rab1 Na8 19. Na4 Qc7 20. Bb5 Bd4 21. Qh3+ g4 22. Qxg4+ Kb8 23. Bc6 b6 24. Qe2 Qa7 25. Bxa8 Qxa8 26. Rxb6+ 1-0

[Event "KGZ-ch"]
[Site "Bishkek"]
[Date "2012.04.04"]
[Round "4"]
[White "Zhahbai, Uulu Zhohar"]
[Black "Imanaliev, Taalaibek"]
[Result "1-0"]
[WhiteElo "1986"]
[BlackElo "2355"]
[PlyCount "45"]
[EventDate "2012.04.01"]
[EventType "swiss"]
[EventRounds "11"]
[EventCountry "KGZ"]
[SourceTitle "EXT 2013"]
[Source "ChessBase"]
[SourceDate "2012.11.22"]
[SourceVersion "1"]
[SourceVersionDate "2012.11.22"]
[SourceQuality "1"]

1. Nf3 d5 2. c4 c6 3. e3 Nf6 4. b3 Bg4 5. Be2 e6 6. Bb2 Nbd7 7. d3 Bd6 8. Nbd2 0-0 9. Qc2 Qe7 10. a3 a5 11. 0-0 e5 12. Rfe1 e4 13. Nd4 Qe5 14. g3 Bxe2 15. Rxe2 exd3 16. Qxd3 c5 17. f4 Qh5 18. Nf5 dxc4 19. Nxc4 Bc7 20. Nxg7 Kxg7 21. g4 Qg6 22. Qxd7 Bd8 23. Qxb7 1-0